Nutrition for developing countries / (Record no. 39253)
[ view plain ]
| 000 -LEADER | |
|---|---|
| fixed length control field | 01385nam a22003491a 4500 |
| 001 - CONTROL NUMBER | |
| control field | 647276 |
| 005 - DATE AND TIME OF LATEST TRANSACTION | |
| control field | 20160122020002.0 |
| 008 - FIXED-LENGTH DATA ELEMENTS--GENERAL INFORMATION | |
| fixed length control field | 931130s1993 enka b 001 0 eng |
| 010 ## - LIBRARY OF CONGRESS CONTROL NUMBER | |
| LC control number | 93236748 |
| 020 ## - INTERNATIONAL STANDARD BOOK NUMBER | |
| International Standard Book Number | 019262279X |
| 020 ## - INTERNATIONAL STANDARD BOOK NUMBER | |
| International Standard Book Number | 019262279X |
| 040 ## - CATALOGING SOURCE | |
| Original cataloging agency | DLC |
| Transcribing agency | DLC |
| Modifying agency | DLC |
| 043 ## - GEOGRAPHIC AREA CODE | |
| Geographic area code | d------ |
| 050 00 - LIBRARY OF CONGRESS CALL NUMBER | |
| Classification number | QP 141.K56 1993 |
| Item number | QP 141.K56 1993 |
| 082 00 - DEWEY DECIMAL CLASSIFICATION NUMBER | |
| Classification number | 641.1/09172/4 |
| Edition number | 20 |
| 100 2# - MAIN ENTRY--PERSONAL NAME | |
| Personal name | Savage King, F. |
| Dates associated with a name | 1939- |
| Fuller form of name | (Felicity), |
| 245 10 - TITLE STATEMENT | |
| Title | Nutrition for developing countries / |
| Statement of responsibility, etc | Felicity Savage King and Ann Burgess. |
| Medium | [Text] |
| 250 ## - EDITION STATEMENT | |
| Edition statement | 2nd ed. |
| 260 ## - PUBLICATION, DISTRIBUTION, ETC. (IMPRINT) | |
| Place of publication, distribution, etc | Oxford |
| -- | Oxford |
| Name of publisher, distributor, etc | Oxford University Press |
| Date of publication, distribution, etc | 1993 |
| 300 ## - PHYSICAL DESCRIPTION | |
| Extent | xv, 461 p. : |
| Other physical details | ill. ; |
| Dimensions | 26 cm. |
| 504 ## - BIBLIOGRAPHY, ETC. NOTE | |
| Bibliography, etc | http://www.loc.gov/catdir/enhancements/fy0635/93236748-t.htmlhttp://www.loc.- gov/catdir/enhancements/fy0639/93236748-d.html Includes bibliographical references and index. http://www.loc.gov/catdir/enhancements/fy0635/93236748-t.htmlhttp://www.loc.- gov/catdir/enhancements/fy0639/93236748-d.html |
| 650 #0 - SUBJECT ADDED ENTRY--TOPICAL TERM | |
| Topical term or geographic name as entry element | Nutrition. |
| 650 #0 - SUBJECT ADDED ENTRY--TOPICAL TERM | |
| Topical term or geographic name as entry element | Nutrition |
| Geographic subdivision | Developing countries. |
| 700 1# - ADDED ENTRY--PERSONAL NAME | |
| Personal name | Burgess, Ann. |
| 856 42 - ELECTRONIC LOCATION AND ACCESS | |
| Materials specified | Publisher description |
| 856 41 - ELECTRONIC LOCATION AND ACCESS | |
| Materials specified | Table of contents only |
| 906 ## - LOCAL DATA ELEMENT F, LDF (RLIN) | |
| a | 7 |
| b | cbc |
| c | orignew |
| d | 2 |
| e | ncip |
| f | 19 |
| g | y-gencatlg |
| 922 ## - | |
| -- | ad |
| 991 ## - | |
| -- | c-GenColl |
| -- | QP141 |
| -- | .S335 1993 |
| -- | 00055313726 |
| -- | Copy 1 |
| -- | BOOKS |
| 942 00 - ADDED ENTRY ELEMENTS (KOHA) | |
| Koha issues (borrowed), all copies | 2 |
| Withdrawn status | Lost status | Source of classification or shelving scheme | Damaged status | Not for loan | Collection code | Home library | Current library | Shelving location | Date acquired | Source of acquisition | Cost, normal purchase price | Total Checkouts | Total Renewals | Full call number | Barcode | Date last seen | Date checked out | Copy number | Price effective from | Koha item type |
|---|---|---|---|---|---|---|---|---|---|---|---|---|---|---|---|---|---|---|---|---|
| Library of Congress Classification | General Circulation | AIU/NEGST - Tony Wilmot Memorial Library | AIU/NEGST - Tony Wilmot Memorial Library | General Stacks | 10/27/2009 | Purchase | 90.05 | 10 | 2 | QP 141.K56 1993 | R49073K3232 | 09/26/2019 | 03/27/2015 | 1 | 10/27/2009 | Books | ||||
| Library of Congress Classification | General Circulation | AIU/NEGST - Tony Wilmot Memorial Library | AIU/NEGST - Tony Wilmot Memorial Library | General Stacks | 05/30/2014 | Purchase -TBN | 39.96 | 1 | QP 141.K56 1993 | R29160W3232 | 09/26/2019 | 01/21/2016 | 2 | 05/30/2014 | Books |
